| 000 | 00577nam a2200241 a 4500 | ||
|---|---|---|---|
| 001 | nice12345678 | ||
| 003 | IN_TiNIC | ||
| 005 | 20260116015242.0 | ||
| 008 | 050524s1956 newa grp 000 0 eng | ||
| 020 |
_a _c100 |
||
| 082 | 0 | 0 |
_a220.7 _bDEN |
| 100 | _aDentan, Robert C | ||
| 245 |
_aHoly Scriptures _b a Survey. |
||
| 260 |
_aNew York _bSeabury Press _c1956 |
||
| 300 | _a221p | ||
| 500 | _aincludes index and biblioraphy | ||
| 505 | 2 | _aIndex | |
| 650 | _aBible-Dictionaries | ||
| 700 | 1 | _aDentan, Robert C | |
| 902 | _bSRS | ||
| 942 | _cBK | ||
| 999 |
_c18930 _d18930 |
||